00763nam a22002177a 450000500170000001000150001702000260003203500140005803700170007203700090008908200090009810000320010724500730013925000060021226000340021827000800025230000200033294200200035299900190037295201540039120250401164248.0 aENG-144389 a9788119626083c595.00 aEN-127921 bNiyogi Books bDBAD aN21 aVidyarthi, Madhurima980071 aPre-Order: bJob Charnock and The Potter's Boy/cMadhurima Vidyarthi a1 aNew DelhibNiyogi Booksc2024 aBlock D, Building No. 77, Okhla Industrial Area, Phase-IbNew Delhie110020 a399p.c20cm(pb) 2ddccENhNmVID c210626d210626 001040718NFICaDBADbDBADd2025-04-01eDelivery of Books Act Divisiong595.00l0oN VIDpEN-127921r2025-04-01 00:00:00t1v595.00w2025-04-01yEN